Otázniky nad obalmi stále ostávajú
Nesúlad zákona o odpadoch s požiadavkami predpisov EÚ opísanými v odôvodnenom stanovisku (porušenie č. 2010/2150) Európskej komisie adresované Slovenskej republike z dôvodu nevyhovujúcej transpozície smernice Erurópskeho parlamentu a Rady 94/62/ES z 20. decembra 1994 o obaloch a odpadoch.
Gespeichert in:
| Format: | Buchkapitel |
|---|---|
| Sprache: | Slowakisch |
| Schlagworte: | |
| Tags: |
Keine Tags, Fügen Sie das erste Tag hinzu!
|
MARC
| LEADER | 00000naa a2200000 4500 | ||
|---|---|---|---|
| 001 | 0160534 | ||
| 005 | 20231005103306.7 | ||
| 041 | 0 | |a slo | |
| 044 | |a SK | ||
| 245 | 1 | 0 | |a Otázniky nad obalmi stále ostávajú |
| 520 | |a Nesúlad zákona o odpadoch s požiadavkami predpisov EÚ opísanými v odôvodnenom stanovisku (porušenie č. 2010/2150) Európskej komisie adresované Slovenskej republike z dôvodu nevyhovujúcej transpozície smernice Erurópskeho parlamentu a Rady 94/62/ES z 20. decembra 1994 o obaloch a odpadoch. | ||
| 610 | 2 | 0 | |a hospodárstvo odpadové |
| 610 | 2 | 0 | |a suroviny druhotné |
| 610 | 2 | 0 | |a recyklácia odpadu |
| 610 | 2 | 0 | |a spracovanie odpadu |
| 610 | 2 | 0 | |a Slovensko |
| 610 | 2 | 0 | |a Európska únia |
| 610 | 2 | 0 | |a smernice |